000 00607nam a2200205Ia 4500
005 20250923145130.0
008 008 250917s9999 xx 000 0 eng d
037 _aTextual
040 _aDSWL
_beng
_cDSWL
041 _aeng
_2eng
084 _aY(X8A), n68
_qDSWL
100 _aGoldthorpe, J.H.
_9832085
245 4 _aThe affluent worker: Industrial attitudes and behaviour
_cby J.H. Goldthorpe
260 _aCambridge
_bCambridge University Press
_c1968
300 _aix,117p.
365 _aUSD
_b7
925 _g7
942 _cTEXL
_hY(X8A), n68
999 _c1447531
_d1447531